Quo vadis? (Record no. 165333)

MARC details
000 -LEADER
campo de control de longitud fija 00873nam a22002415i 4500
001 - NÚMERO DE CONTROL
campo de control 165333
003 - IDENTIFICADOR DE NÚMERO DE CONTROL
campo de control ES-MaACL
005 - FECHA Y HORA DE LA ÚLTIMA TRANSACCIÓN
campo de control 20230906213121.0
008 - DATOS DE LONGITUD FIJA--INFORMACIÓN GENERAL
campo de control de longitud fija 050819s1900 it | |||||||| ||ita d
040 ## - FUENTE DE CATALOGACIÓN
Centro catalogador/agencia de origen CAM
Lengua de catalogación spa
Centro/agencia transcriptor CAM
100 1# - ENTRADA PRINCIPAL--NOMBRE DE PERSONA
Nombre de persona Sienkiewicz, Henryk.
9 (RLIN) 106230
245 10 - MENCIÓN DEL TÍTULO
Título Quo vadis?
Resto del título : romanzo /
Mención de responsabilidad, etc. di Enrico Sienkiewicz; traduzione di Ketty Nagel.
260 ## - PUBLICACIÓN, DISTRIBUCIÓN, ETC.
Lugar de publicación, distribución, etc. Milano :
Nombre del editor, distribuidor, etc. Fratelli Treves editori,
Fecha de publicación, distribución, etc. 1900.
300 ## - DESCRIPCIÓN FÍSICA
Extensión 379 p. ;
Dimensiones 19 cm.
490 1# - MENCIÓN DE SERIE
Mención de serie Biblioteca Amena ;
Designación de volumen o secuencia 579
594 ## - Nota al título y mención de responsabilidad
Nota al título y mención de responsabilidad En port. consta: Quinto Migliaio.
598 ## - NOTA LOCAL
Nota local La mención de serie consta en la cub. original.
700 1# - ENTRADA AGREGADA--NOMBRE PERSONAL
Nombre de persona Nagel, Ketty.
9 (RLIN) 130383
830 0# - PUNTO DE ACCESO ADICIONAL DE SERIE-TÍTULO UNIFORME
Título uniforme Biblioteca Amena ;
Designación de volumen o secuencia 579
9 (RLIN) 222453
852 ## - LOCALIZACIÓN
Ubicación ES-MaACL
Número de control de estantería F-9770
Nota libre -- Enc. hol. conservando la cub. original
-- -- Dedic. ms. de Luigi ¿? al Ateneo de Madrid, 1904
Holdings
Estatus retirado Estado de pérdida Estado de daño No para préstamo Colección Biblioteca de origen Biblioteca actual Ubicación en estantería Fecha de adquisición Fuente de adquisición Total de préstamos Signatura topográfica completa Código de barras Visto por última vez Precio de reemplazo Tipo de ítem Koha
        Libros del s. XIX Biblioteca del Ateneo de Madrid Biblioteca del Ateneo de Madrid Sala Pecera Planta 2 17/01/2008     F-9770 1173368 23/02/2023 23/02/2023 Libro impreso antiguo